| 000 | 00382nam a2200169Ia 4500 | ||
|---|---|---|---|
| 003 | 0STCL | ||
| 008 | 150530s9999 xx 000 0 und d | ||
| 040 |
_aSTCL _cSTCL |
||
| 100 | _aAlbert Cotton,F | ||
| 245 | _aChemical applications of Group theory | ||
| 250 | _aSecond | ||
| 260 | _c1971 | ||
| 546 | _aEnglish | ||
| 942 |
_2ddc _cBK |
||
| 999 |
_c32311 _d32311 |
||
| 005 | 20220125170240.0 | ||